Normal view
MARC view
Entry Personal Name
001 - CONTROL NUMBER
- control field: 39989
003 - CONTROL NUMBER IDENTIFIER
- control field: dpl
005 - DATE AND TIME OF LATEST TRANSACTION
- control field: 20120123151955.0
008 - FIXED-LENGTH DATA ELEMENTS
- fixed length control field: 120123|||a|||||| | ||| d
040 ## - CATALOGING SOURCE
- Original cataloging agency: dpl
- Transcribing agency: dpl
100 ## - HEADING--PERSONAL NAME
- Personal name: गुप्ता, आर
670 ## - SOURCE DATA FOUND
- Source citation: Work cat.: (dpl): गुप्ता, आर, आर गुप्ता कृत पाँपुलर मास्टर गाइड एयर-इंडिया भर्ति परीक्षा केबिन क्रू फ्लाइंग/ग्राउंड ड्यूटी/, 2006
670 ## - SOURCE DATA FOUND
- Source citation: Work cat.: (dpl): गुप्ता, आर, आर गुप्ता कृत पाँपुलर मास्टर गाइड एयर-इंडिया भर्ति परीक्षा केबिन क्रू फ्लाइंग/ग्राउंड ड्यूटी/, 2006
